Podział administracyjny Czech i Słowacji - Statystyki

Ogólne statystyki
  • Ten quiz został rozwiązany 526 razy
  • Średni wynik to 11 z 22
Odpowiedzi na mapie
Odpowiedzi zakodowano w zielono-czerwonej skali na mapie do tego quizu, zgodnie z poniższymi procentami.
 
Statystyki odpowiedzi
Państwo Kraj % Poprawnych
Czechy Praga
98%
Słowacja Bratysławski
80%
Słowacja Koszycki
69%
Czechy Liberecki
58%
Słowacja Preszowski
53%
Czechy Ołomuniecki
52%
Słowacja Żyliński
52%
Czechy Pilzneński
48%
Czechy Środkowoczeski
47%
Słowacja Bańskobystrzycki
46%
Czechy Hradecki
45%
Czechy Morawsko-Śląski
45%
Słowacja Nitrzański
45%
Czechy Pardubicki
42%
Słowacja Trnawski
42%
Czechy Zliński
42%
Czechy Południowoczeski
40%
Czechy Południowomorawski
38%
Słowacja Trenczyński
34%
Czechy Ustecki
33%
Czechy Karlowarski
31%
Czechy Wysoczyna
27%
Nie znaleziono quizów pasujących do podanych kryteriów
Rozkład punktacji
Procent ludzi z każdym wynikiem
Percentyl według liczby udzielonych odpowiedzi
Twoja historia wyników
Nie rozwiązałeś tego quizu